000 00756cam a2200253Ii 4500
008
020 _a9780323357630 (hbk.)
049 _aMAIN
090 _aRD731
_bCAM
245 0 0 _aCampbell's core orthopaedic procedures /
_c[edited by] S. Terry Canale, MD, James H. Beaty, MD, Frederick M. Azar, MD.
300 _axvii, 455 p. :
_bill. ;
_c28 cm.
500 _aIncludes index.
650 0 _aOrthopedic surgery.
650 2 _aOrthopedics.
650 2 _aOrthopedic Procedures.
700 1 _aCanale, S. T.
700 1 _aBeaty, James H.
700 1 _aAzar, Frederick M.
907 _a.b10363993
_b28-10-15
_c28-10-15
003
005 20230123122154.0
040 _cNUST
942 _cBOOKS
_kRD731
_mCAM
999 _c129061
_d129061